000 00440nam a22001697a 4500
005 20180704130720.0
008 160429b xxu||||| |||| 00| 0 eng d
020 _a978-0-19569457-0
041 _aeng
082 _b00853
_a658.15
100 _aSrivastava Rajiv, and Misra, Anil
_94459
245 _aFinancial management
260 _aNew Delhi
_bOxford University Press
_c2008
300 _a793p,
650 _aManagement
_9241
942 _cBK
999 _c281
_d281